01195nam a2200193Ia 4500001001100000003001000011008004100021040002500062041001300087100002200100245010500122250001100227260008100238300001200319500026000331501011400591520026000705650003600965L200-52097IT-CnALBA170116s9999||||xx |||||||||||||| ||und|| aIT-CnALBAcIT-CnALBA aITALIANO aROBINSON GEOFFREY 0aMATRIMONIO, DIVORZIO E NULLITA'. GUIDA AL PROCESSO DI NULLITA' MATRIMONIALE NELLA CHIESA CATTOLICA.  a1a ed. a PADOVAbMESSAGGERO EDIZIONI c1994 [1° Ed.:1994 - Ed.Ling.Originale: 1994] a124 p.  aTRADUZIONE DALL'INGLESE. PREMESSA. PREFAZIONE DELL'AUTORE. PROGETTO DIVINO DEL MATRIMONIO. FORZE INTERNE ED ESTERNE NEL FALLIMENTO DEL MATRIMONIO. REIMPARARE A VIVERE DOPO LA ROTTURA. PER TUTTI I GIORNI DELLA NOSTRA VITA. UNIONI E NON MATRIMONI. RIVOLGERS aSocietà San Paolo EM - Piazza San Paolo, 14 - 12051 ALBA (CN) (non commercial uses only) ® Copyright 2017 aTRADUZIONE DALL'INGLESE. PREMESSA. PREFAZIONE DELL'AUTORE. PROGETTO DIVINO DEL MATRIMONIO. FORZE INTERNE ED ESTERNE NEL FALLIMENTO DEL MATRIMONIO. REIMPARARE A VIVERE DOPO LA ROTTURA. PER TUTTI I GIORNI DELLA NOSTRA VITA. UNIONI E NON MATRIMONI. RIVOLGERS aRELIGIONE - RELIGIONE CRISTIANA